| 000 | nam a22 a 4500 | ||
|---|---|---|---|
| 999 |
_c61001 _d61001 |
||
| 003 | BLK | ||
| 005 | 20210216161824.0 | ||
| 008 | 180408b bul|||||r ||||||| ||bul|| | ||
| 010 | _aKNG00065190000 | ||
| 040 | _aBLK | ||
| 041 |
_aDEU _cDEU |
||
| 080 |
_aБотаника. Вж и 631/635, Ботанически резервати вж 502.7 _b58 _z58 |
||
| 080 |
_aПтици, Aves. Орнитология. Вж и 636.5 _b598.2/.9 _z598.2/.9 |
||
| 139 | _aUrania Tierreich | ||
| 245 | 1 | 0 |
_aUrania Tierreich _bIn 6 Bd. _nBd. 5 _pVogel |
| 260 |
_aLeipzig et al. _bUrania _c1968 - |
||
| 300 | _c27 см | ||
| 380 | _a5 | ||
| 760 | 1 |
_d1972 _h519 с., 27 см _tBd. 5 Vogel |
|
| 852 | _aЦб ІІ 3279 | ||
| 856 | 4 | _qpdf | |
| 856 | 4 | _qpdf | |
| 942 |
_cKNG _n0 _s1 |
||
| 944 |
_aCR _c13.06.2004 _kЧиталня |
||
| 944 |
_aED _c2021-02-02 _kГГГ |
||
| 999 | _d61001 | ||
| 999 | _d61001 | ||